000
00334nam a2200145Ia 4500
008
230718s9999 xx 000 0 und d
041
_a
Eng.
082
_a
340548
_b
ZAF-B
100
_a
Zafar, in,A
245
0
_a
Bands Recovery Laws
260
_a
Pakistan
_b
Law Books Publisher
_c
2004
300
_a
446
650
_a
Law
999
_c
28604
_d
28604